Le maître de la Mer (Registro nro. 301847)
[ vista simple ]
| 000 -ENCABEZADO | |
|---|---|
| Número de control [NR] | 01335nam a22002537a 4500 |
| 005 - FECHA Y HORA DE LA ÚLTIMA TRANSACCIÓN | |
| control field | 20250211154533.0 |
| 008 - DE LONGITUD FIJA DE DATOS DE ELEMENTOS - INFORMACIÓN GENERAL | |
| Elementos de longitud fija [NR] | 151014n fr ||||fr|||| 00| f fre d |
| 040 ## - FUENTE DE CATALOGACION [NR] | |
| Quien Cataloga | Sandra Yazo |
| Quien Clasifica | Sandra Yazo |
| 041 0# - CODIGO DE IDIOMA [R] | |
| Código de idioma para texto/pista de sonido o título separado [R] | Francés |
| 082 ## - NUMERO DE CLASIFICACION DECIMAL DEWEY [R] | |
| Número de la edición [NR] | 20 |
| Número de clasificación [R] | 843.3 |
| 092 ## - SIGNATURA TOPOGRAFICA LOCAL | |
| Número de clasificación local | E37N116 |
| 100 ## - ASIENTO PRINCIPAL--NOMBRE PERSONAL [NR] | |
| Nombre personal [NR] | Vogüé, Eugène-Melchior |
| Títulos u otras palabras asociadas al nombre [R] | vicomte de |
| Forma más completa del nombre [NR] | 1848-1910 |
| ID Autoridad | 72297 |
| 242 03 - TRADUCCION DEL TITULO POR LA AGENCIA CATALOGADORA [R] | |
| Título [NR] | El señor del mar |
| Mención de responsabilidad, etc. [NR] | por el Vizconde Eugène Melchior de Vogüé |
| 245 13 - MENCION DE TITULO [NR] | |
| Título [NR] | Le maître de la Mer |
| Mención de responsabilidad, etc. [NR] | par le Vte. E. – M. De Vogüé |
| 260 ## - PUBLICACION, DISTRIBUCION, ETC. (PIE DE IMPRENTA) [R] | |
| Lugar de publicación, distribución, etc. [R] | París [Francia] |
| Nombre del editor, distribuidor, etc. [R] | Nelson, éditeurs [Nelson, Editores] |
| Fecha de publicación, distribución, etc. [R] | [fecha desconocida] |
| 300 ## - DESCRIPCION FISICA [R] | |
| Extensión [R] | 472 páginas |
| Dimensiones [R] | 16 x 11 cm. |
| 490 0# - MENCION DE SERIE [R] | |
| Mención de serie [R] | Collection Nelson [Colección Nelson] |
| 500 ## - NOTA GENERAL [R] | |
| Nota general [NR] | Detalles físicos: Encuadernación rígida en cartón forrado en tela. Tapa delantera y lomo con impresos y repujados. Guardas en papel decorado. Hoja de cortesía. Lámina con ilustración en el frontispicio. Portada impresa en una sola tinta enmarcada. Texto impreso en una sola columna. Sobrecubierta de papel con ilustraciones y en mal estado. Ejemplar empieza a desencuadernarse. Papel con manchas en los bordes.<br/>Comienza a descuadernarse<br/> |
| 506 ## - NOTA DE RESTRICCIONES DE ACCESO [R] | |
| Condiciones de acceso [NR] | Consulta en sala |
| 650 #7 - ASIENTO SECUNDARIO DE MATERIA - TERMINO TEMATICO [R] | |
| 9 (RLIN) | 20506 |
| Término temático o nombre geográfico como elemento de entrada [NR] | Novela francesa |
| 650 #7 - ASIENTO SECUNDARIO DE MATERIA - TERMINO TEMATICO [R] | |
| 9 (RLIN) | 7794 |
| Término temático o nombre geográfico como elemento de entrada [NR] | Literatura francesa |
| 690 ## - ASUNTO AGREGADO LOCAL DE ENTRADA - TÉRMINO TEMÁTICO (OCLC, RLIN) | |
| Acceso temático local | Literatura europea |
| 9 (RLIN) | 26524 |
| 942 ## - ELEMENTOS DE ENTRADA AGREGADOS (KOHA) | |
| Sistema de clasificación | LOCAL |
| Tipo de ítem principal el descrito en 300a | Libro |
| Edición | 1 |
| Clasificación | E37N115 |
| Suprimido | Perdido | Sistema de clasificación | Dañado | No prestable | Tipo de ítem específico | Ubicación habitual | Ubicación actual | Localización | Fecha de creación | Forma de adquisición | Costo | Total préstamos | Signatura topográfica | Código de barras | Última vez visto | Ejemplar | Price effective from | Tipo de ítem |
|---|---|---|---|---|---|---|---|---|---|---|---|---|---|---|---|---|---|---|
| LOCAL | Libro archivo | Archivo Histórico | Archivo Histórico | Archivo histórico | 14/10/2015 | Donación | 0.00 | E37N115 | L005212 | 14/10/2015 | Ej.1 | 14/10/2015 | Libro |